000 00296nam a22001337a 4500
008 170127b xxu||||| |||| 00| 0 eng d
020 _a9781416037965
041 _aeng
080 _a61
100 _a3
101 _aSHM
245 _aCLINICS IN GERIATRIC MEDICINE
_cPALMER, R.M
942 _2udc
_cBK
999 _c3866
_d3866